| 000 | 00855nam a22002057a 4500 | ||
|---|---|---|---|
| 003 | 0 | ||
| 005 | 20250204123333.0 | ||
| 008 | 250204b xxu||||| |||| 00| 0 eng d | ||
| 050 |
_aHQ 755.8 _b.C33 2016 |
||
| 100 | _aCabrera, Maria Veronica C. | ||
| 245 |
_a Stress alleviations among parents of children with attention deficit hyperactivity disorder. _cMaria Veronica C. Cabrera |
||
| 260 |
_aLas Pinas City _bSouthville International School and Colleges _c2016 |
||
| 300 |
_aviii, 86 pages ; _c28cm. |
||
| 500 | _aBachelor of Science in Elementary Education with Specialization in Special Education. | ||
| 504 | _aIncludes bibliographical references and appendices. | ||
| 650 | _aCoping Strategies for Parents. | ||
| 650 | _aStress Management—Mental Health. | ||
| 650 | _aAttention-Deficit Hyperactivity Disorder in Children. | ||
| 942 |
_2lcc _cTH |
||
| 999 |
_c367109 _d367109 |
||